Ishizuchi and Shiokaze Stations - JR Shikoku Japan - Statistics

General Stats
  • This quiz has been taken 65 times
  • The average score is 14 of 18
Answer Stats
Hint Answer % Correct
Shiokaze Okayama
96%
Ishizuchi Takamatsu
96%
Shiokaze/Ishizuchi Marugame
93%
Shiokaze/Ishizuchi Matsuyama
93%
Shiokaze/Ishizuchi Imabari
91%
Shiokaze/Ishizuchi Utazu
87%
Ishizuchi Sakaide
85%
Shiokaze/Ishizuchi Niihama
83%
Shiokaze/Ishizuchi Iyo-Saijo
80%
Shiokaze/Ishizuchi Tadotsu
80%
Shiokaze Kojima
76%
Shiokaze/Ishizuchi Kanonji
74%
Shiokaze/Ishizuchi Iyo-Mishima
70%
Shiokaze/Ishizuchi Iyo-Hojo
65%
Shiokaze/Ishizuchi Kawanoe
65%
Shiokaze/Ishizuchi Nyugawa
57%
Shiokaze/Ishizuchi Takase
57%
Shiokaze/Ishizuchi Takuma
57%
No matching quizzes found
Score Distribution
Percent of People with Each Score
Percentile by Number Answered
Your Score History
You have not taken this quiz